000 00354 a2200169 4500
001 186958
020 _a978-85-08-07043-5
040 _cMagnum
100 _aDupré, Maria José
240 1 0 _aA ilha perdida
_lpor
245 1 0 _aA ilha perdida
300 _a133
362 0 _a2009
440 1 _aÁtica
697 _aLITERATURA JUVENIL
942 _cBK
999 _c186958
_d186958